[Event "TUR Cup"]
[Site "Denizli"]
[Date "2023.07.20"]
[Round "7"]
[White "Koyuncu, Haticesu"]
[Black "Tokbas, Sila"]
[Result "1-0"]
[WhiteElo "1520"]
[BlackElo "1115"]
[PlyCount "91"]
[EventDate "2023.07.16"]
[EventType "team-tourn"]
[EventRounds "9"]
[EventCountry "TUR"]
[SourceTitle "CBM 215 Extra"]
[Source "ChessBase"]
[SourceDate "2023.09.30"]
[SourceVersion "1"]
[SourceVersionDate "2023.09.30"]
[SourceQuality "1"]

1. d4 d5 2. Nf3 c5 3. e3 Bg4 4. Nbd2 e6 5. Be2 Nf6 6. Ne5 Bxe2 7. Qxe2 a6 8. c3 Bd6 9. f4 Nc6 10. 0-0 Qe7 11. Qf3 0-0 12. g4 Nd7 13. Nxd7 Qxd7 14. Kh1 f5 15. g5 g6 16. h4 h6 17. gxh6 Qh7 18. Qg3 Qxh6 19. Nf3 cxd4 20. exd4 Kf7 21. Kg2 Ke7 22. Be3 Kd7 23. Rae1 Rae8 24. Ng5 Ne7 25. b3 Ng8 26. c4 Nf6 27. c5 Bc7 28. b4 Nh5 29. Qf2 Nf6 30. a4 Re7 31. Qf3 Qxh4 32. Rh1 Qg4+ 33. Qxg4 Nxg4 34. Bd2 b6 35. Rc1 Ree8 36. Rh7+ Re7 37. c6+ Kd6 38. Rxe7 Kxe7 39. Re1 Rf6 40. Rh1 Kd8 41. Rh8+ Ke7 42. Rh7+ Kd8 43. Rd7+ Ke8 44. Rxc7 Nh6 45. Nh7 Rf7 46. Rxf7 1-0

[Event "TUR Cup"]
[Site "Denizli"]
[Date "2023.07.18"]
[Round "4"]
[White "Koruoglu, Sinem"]
[Black "Koyuncu, Haticesu"]
[Result "0-1"]
[WhiteElo "1291"]
[BlackElo "1520"]
[PlyCount "110"]
[EventDate "2023.07.16"]
[EventType "team-tourn"]
[EventRounds "9"]
[EventCountry "TUR"]
[SourceTitle "CBM 215 Extra"]
[Source "ChessBase"]
[SourceDate "2023.09.30"]
[SourceVersion "1"]
[SourceVersionDate "2023.09.30"]
[SourceQuality "1"]

1. d4 d5 2. c4 e6 3. Nc3 Nf6 4. e3 Be7 5. Nf3 0-0 6. Bd2 b6 7. cxd5 exd5 8. Bd3 Bb7 9. 0-0 Ne4 10. Qc2 f5 11. Ne5 g6 12. Bxe4 dxe4 13. Ne2 Bd5 14. Nf4 c5 15. dxc5 Bxc5 16. b4 Bd6 17. Bc3 Bf7 18. Rfd1 Qc7 19. Nxf7 Bxf4 20. Nd8 Bxh2+ 21. Kh1 Rxd8 22. Rxd8+ Qxd8 23. Kxh2 Qc7+ 24. Kg1 Nd7 25. Rc1 Nf8 26. Qd2 Rd8 27. Bd4 Qd7 28. Qc3 Ne6 29. Qc4 Qd5 30. Qxd5 Rxd5 31. Bc3 b5 32. Kf1 Kf7 33. Ke2 h5 34. Rh1 Rd3 35. Bb2 f4 36. Rh4 Rd5 37. exf4 Nd4+ 38. Bxd4 Rxd4 39. a3 Rd3 40. Rh3 Rxh3 41. gxh3 Ke6 42. Kd2 Kf5 43. Ke3 a6 44. f3 exf3 45. Kxf3 Kf6 46. Ke3 Ke7 47. Kd4 Kd7 48. Kd5 h4 49. Kc5 Ke6 50. Kb6 Kf5 51. Kxa6 Kxf4 52. Kxb5 g5 53. Kc5 g4 54. hxg4 h3 55. b5 h2 0-1

[Event "TUR Cup"]
[Site "Denizli"]
[Date "2023.07.17"]
[Round "3"]
[White "Koyuncu, Haticesu"]
[Black "Avci, Hilal Ceren"]
[Result "1-0"]
[WhiteElo "1520"]
[BlackElo "1362"]
[PlyCount "47"]
[EventDate "2023.07.16"]
[EventType "team-tourn"]
[EventRounds "9"]
[EventCountry "TUR"]
[SourceTitle "CBM 215 Extra"]
[Source "ChessBase"]
[SourceDate "2023.09.30"]
[SourceVersion "1"]
[SourceVersionDate "2023.09.30"]
[SourceQuality "1"]

1. d4 Nf6 2. Nf3 g6 3. Bf4 Bg7 4. Nbd2 0-0 5. e4 d6 6. c3 Nbd7 7. Bc4 h6 8. 0-0 g5 9. Bg3 Nh5 10. Nxg5 Nhf6 11. Bxf7+ Rxf7 12. Ne6 Qe8 13. Nxc7 Qd8 14. Nxa8 e5 15. Qa4 Nh5 16. Qxa7 Qg5 17. Nf3 Rxf3 18. gxf3 Nf4 19. d5 Nc5 20. Qb8 Ne2+ 21. Kh1 Nxe4 22. Qxc8+ Kh7 23. fxe4 Qh5 24. Qf5+ 1-0

[Event "TUR-ch U13/18 Girls"]
[Site "Antalya"]
[Date "2023.01.28"]
[Round "9"]
[White "Yalcin, Sudenaz"]
[Black "Koyuncu, Haticesu"]
[Result "0-1"]
[WhiteElo "1367"]
[BlackElo "1554"]
[PlyCount "68"]
[EventDate "2023.01.17"]
[EventType "swiss"]
[EventRounds "9"]
[EventCountry "TUR"]
[SourceTitle "EXT 2024"]
[Source "ChessBase"]
[SourceDate "2023.10.10"]
[SourceVersion "1"]
[SourceVersionDate "2023.10.10"]
[SourceQuality "1"]

1. e4 e6 2. d4 d5 3. Nc3 dxe4 4. Nxe4 Nd7 5. Nf3 Ngf6 6. Bd3 Be7 7. Qe2 0-0 8. Bg5 c6 9. Nxf6+ Nxf6 10. c3 Qc7 11. 0-0 b6 12. Ne5 Bb7 13. h4 c5 14. dxc5 Qxc5 15. Bxf6 Bxf6 16. Nd7 Qd5 17. Nxf6+ gxf6 18. f3 f5 19. Qe3 Kh8 20. Rfd1 Rg8 21. Be4 Qe5 22. Rd7 Bc6 23. Rxf7 Qg3 24. Qe2 fxe4 25. fxe4 Qxh4 26. Re1 Qg5 27. Rc7 Be8 28. Qf2 Bh5 29. Re3 Raf8 30. Qd2 Qf4 31. Qd4+ e5 32. Qd2 Rg3 33. Qd7 Qxe3+ 34. Kh2 Rxg2+ 0-1

[Event "EU-ch Online U14 Girls"]
[Site "Tornelo INT"]
[Date "2020.09.19"]
[Round "5"]
[White "Koyuncu, Haticesu"]
[Black "Mamardashvili, Ana"]
[Result "1/2-1/2"]
[WhiteElo "1567"]
[BlackElo "1390"]
[PlyCount "108"]
[EventDate "2020.09.18"]
[EventType "swiss (rapid)"]
[EventRounds "9"]
[EventCountry "NET"]
[SourceTitle "EXT 2023"]
[Source "ChessBase"]
[SourceDate "2022.10.05"]
[SourceVersion "1"]
[SourceVersionDate "2022.10.05"]
[SourceQuality "1"]
[WhiteTeam "Turkey"]
[BlackTeam "Georgia"]
[WhiteTeamCountry "TUR"]
[BlackTeamCountry "GEO"]

1. d4 Nf6 2. Nf3 g6 3. Bf4 Bg7 4. Nbd2 d5 5. e3 0-0 6. Bd3 Nbd7 7. c3 c5 8. h3 b6 9. 0-0 Bb7 10. Re1 Ne4 11. Bxe4 dxe4 12. Ng5 Nf6 13. Be5 h6 14. Bxf6 exf6 15. Ngxe4 f5 16. Ng3 h5 17. dxc5 bxc5 18. Qe2 h4 19. Ngf1 Qb6 20. Nb3 Qc6 21. f3 Ba6 22. Qf2 Bf6 23. Kh1 Rac8 24. Nfd2 Kg7 25. e4 Rh8 26. exf5 gxf5 27. Rad1 Bg5 28. Nf1 Bf4 29. Qc2 Qg6 30. Nbd2 Rcg8 31. c4 Kh7 32. Re2 Bb7 33. Nh2 Rg7 34. Rg1 Rhg8 35. Ree1 Kh8 36. Qd3 Qg3 37. Ndf1 Qxe1 38. Qxf5 Bxh2 39. Kxh2 Qe7 40. Nd2 Qd6+ 41. Kh1 Qxd2 42. Qh5+ Rh7 43. Qe5+ Rgg7 44. Qe8+ Rg8 45. Qe5+ f6 46. Qxf6+ Rhg7 47. Qxh4+ Rh7 48. Qf6+ Rgg7 49. Qf8+ Rg8 50. Qf6+ Rhg7 51. Qh4+ Rh7 52. Qf6+ Rhg7 53. Qh4+ Rh7 54. Qf6+ Rhg7 1/2-1/2

[Event "EU-ch Online U14 Girls"]
[Site "Tornelo INT"]
[Date "2020.09.18"]
[Round "1"]
[White "Koyuncu, Haticesu"]
[Black "Botica, Lucija"]
[Result "1-0"]
[WhiteElo "1567"]
[BlackElo "1230"]
[PlyCount "65"]
[EventDate "2020.09.18"]
[EventType "swiss (rapid)"]
[EventRounds "9"]
[EventCountry "NET"]
[SourceTitle "EXT 2023"]
[Source "ChessBase"]
[SourceDate "2022.10.05"]
[SourceVersion "1"]
[SourceVersionDate "2022.10.05"]
[SourceQuality "1"]
[WhiteTeam "Turkey"]
[BlackTeam "Croatia"]
[WhiteTeamCountry "TUR"]
[BlackTeamCountry "CRO"]

1. d4 d5 2. Nf3 Nf6 3. Bf4 e6 4. e3 Nc6 5. c3 Bd6 6. Bg3 Ne4 7. Bd3 Nxg3 8. hxg3 e5 9. dxe5 Nxe5 10. Nxe5 Bxe5 11. Nd2 c5 12. Nf3 Bf6 13. Qe2 Bg4 14. 0-0-0 c4 15. Bxc4 Be6 16. Bb5+ Kf8 17. Nd4 Bxd4 18. Rxd4 a6 19. Bd3 Qa5 20. Kb1 Rb8 21. Bc2 b5 22. Qd2 Ke7 23. g4 h6 24. Bb3 Qb6 25. Bxd5 Bxd5 26. Rxd5 Kf8 27. Rd1 g6 28. Rd8+ Kg7 29. Rd6 Qc7 30. Qd4+ Kh7 31. Rd7 Qc8 32. Rxf7+ Kg8 33. Qg7# 1-0

[Event "TUR-ch U13-U18 Girls"]
[Site "Antalya"]
[Date "2020.01.25"]
[Round "11"]
[White "Koyuncu, Haticesu"]
[Black "Aydin, Gulenay"]
[Result "1/2-1/2"]
[WhiteElo "1517"]
[BlackElo "1975"]
[PlyCount "81"]
[EventDate "2020.01.19"]
[EventType "swiss"]
[EventRounds "11"]
[EventCountry "TUR"]
[SourceTitle "CBM 195 Extra"]
[Source "ChessBase"]
[SourceDate "2020.05.31"]
[SourceVersion "1"]
[SourceVersionDate "2020.05.31"]
[SourceQuality "1"]

1. d4 Nf6 2. Nf3 g6 3. Bf4 Bg7 4. Nbd2 0-0 5. e4 d5 6. e5 Nfd7 7. Be2 c5 8. c3 Qb6 9. Qb3 Qxb3 10. Nxb3 cxd4 11. cxd4 Nc6 12. 0-0 Nb6 13. Nc5 Nd7 14. Nb3 b6 15. Rac1 Bb7 16. Bb5 Rac8 17. Rfd1 Rfd8 18. Ng5 Nf8 19. Nf3 Ne6 20. Be3 a6 21. Be2 Rc7 22. Rc3 Rdc8 23. Rdc1 Nb8 24. Rxc7 Rxc7 25. Rxc7 Nxc7 26. Nc1 Nc6 27. Nd3 Ne6 28. Nf4 Nxf4 29. Bxf4 f6 30. exf6 Bxf6 31. Be3 Bc8 32. h3 b5 33. g4 Nb4 34. a3 Nc2 35. Bd1 Nxe3 36. fxe3 Kf7 37. Bb3 e6 38. Kf2 Ke7 39. g5 Bg7 40. Kg3 Kd6 41. Kf4 1/2-1/2

[Event "TUR-ch U13-U18 Girls"]
[Site "Antalya"]
[Date "2020.01.24"]
[Round "9"]
[White "Ciftci, Zeynep"]
[Black "Koyuncu, Haticesu"]
[Result "0-1"]
[WhiteElo "1583"]
[BlackElo "1517"]
[PlyCount "74"]
[EventDate "2020.01.19"]
[EventType "swiss"]
[EventRounds "11"]
[EventCountry "TUR"]
[SourceTitle "CBM 195 Extra"]
[Source "ChessBase"]
[SourceDate "2020.05.31"]
[SourceVersion "1"]
[SourceVersionDate "2020.05.31"]
[SourceQuality "1"]

1. Nf3 Nf6 2. c4 c5 3. d4 cxd4 4. Nxd4 e6 5. Nb5 Bb4+ 6. Bd2 Bxd2+ 7. Qxd2 0-0 8. N1c3 a6 9. Nd6 Ne8 10. Nce4 Nxd6 11. Nxd6 Qc7 12. e4 b6 13. Be2 Bb7 14. 0-0 Nc6 15. Rac1 Ne7 16. Rc3 Nc8 17. Nxb7 Qxb7 18. e5 Qc7 19. Re1 d6 20. Rg3 dxe5 21. Qh6 g6 22. h4 Ne7 23. Bd3 Nf5 24. Bxf5 exf5 25. h5 Qd6 26. Rh3 Ra7 27. Ree3 Qf6 28. Ra3 Rfa8 29. Rae3 e4 30. b3 Rd7 31. hxg6 fxg6 32. g4 fxg4 33. Rhg3 Rd1+ 34. Kg2 Rd2 35. Kh1 Qxf2 36. Rxe4 Rd1+ 37. Rg1 Qxg1# 0-1

[Event "World School-ch U13 Girls"]
[Site "Antalya"]
[Date "2019.04.24"]
[Round "7"]
[White "Koyuncu, Haticesu"]
[Black "Pallie, Ehsha Mishela"]
[Result "1-0"]
[WhiteElo "1393"]
[BlackElo "1434"]
[PlyCount "141"]
[EventDate "2019.04.18"]
[EventType "swiss"]
[EventRounds "9"]
[EventCountry "TUR"]
[SourceTitle "CBM 190 Extra"]
[Source "ChessBase"]
[SourceDate "2019.07.15"]
[SourceVersion "1"]
[SourceVersionDate "2019.07.15"]
[SourceQuality "1"]

1. d4 Nf6 2. Bf4 g6 3. Nf3 Bg7 4. Nbd2 0-0 5. e4 d6 6. c3 c5 7. d5 e6 8. dxe6 Bxe6 9. Be2 d5 10. exd5 Nxd5 11. Bg3 Nc6 12. 0-0 f5 13. h3 Kh8 14. Nb3 b6 15. Bb5 Nce7 16. Re1 Bc8 17. Qd2 a6 18. Bf1 Ra7 19. Rad1 Rd7 20. Qc2 Nf6 21. Ne5 Rxd1 22. Rxd1 Qe8 23. Nc4 Ned5 24. Nd6 Qc6 25. Nxc8 Rxc8 26. Bxa6 Ra8 27. Bc4 b5 28. Bxd5 Nxd5 29. a3 Re8 30. c4 bxc4 31. Qxc4 Nb6 32. Qc2 Na4 33. Rb1 Qb5 34. Bf4 Rd8 35. Be3 c4 36. Rd1 Re8 37. Nd2 Nxb2 38. Rb1 c3 39. Nf3 f4 40. Bd4 Bxd4 41. Nxd4 Qc4 42. Nb5 Qxb5 43. Qxc3+ Kg8 44. Rxb2 Qd7 45. Rb1 Qf5 46. Qc4+ Kf8 47. Qb4+ Kg8 48. Qb3+ Kf8 49. Rd1 Rc8 50. a4 Ra8 51. Ra1 Qe5 52. Qb4+ Kg8 53. Re1 Qf6 54. Qc4+ Kh8 55. Qb5 Rd8 56. Re8+ Rxe8 57. Qxe8+ Kg7 58. Qd7+ Kh6 59. Qd1 Qe5 60. Kf1 Kg5 61. Qe1 Qd4 62. a5 Kh6 63. Kg1 Kg5 64. a6 Kh6 65. Qb1 Kg5 66. Qa2 Qa7 67. Qd5+ Kh6 68. Qb7 Qd4 69. a7 Qd1+ 70. Kh2 Qe2 71. a8Q 1-0